Formación docente e inclusión educativa en el medio rural : (Record no. 172149)

MARC details
000 -CABECERA
campo de control de longitud fija 00851nam a2200217 a 4500
005 - FECHA Y HORA DE LA ÚLTIMA TRANSACCIÓN
campo de control 20250221063802.0
008 - ELEMENTOS DE LONGITUD FIJA--INFORMACIÓN GENERAL
campo de control de longitud fija 141007s2013 mx r 000 0 spa d
020 ## - NÚMERO INTERNACIONAL NORMALIZADO PARA LIBROS
Número Internacional Estándar del Libro 9786077881124
035 ## - NÚMERO DE CONTROL DEL SISTEMA
Número de control de sistema UPN01000200048
049 ## - COLECCIÓN
Colección CG
050 #4 - SIGNATURA TOPOGRÁFICA DE LA BIBLIOTECA DEL CONGRESO
Número de clasificación LC214
Número de documento/Ítem A9.3
100 1# - ASIENTO PRINCIPAL--NOMBRE PERSONAL
Nombre de persona Auces Flores, María del Rosario
9 (RLIN) 36503
245 10 - MENCIÓN DE TÍTULO
Título Formación docente e inclusión educativa en el medio rural :
Resto del título estudio de caso desde la narrativa de los sujetos /
Mención de responsabilidad, etc. María del Rosario Auces Flores.
260 ## - PUBLICACIÓN, DISTRIBUCIÓN, ETC.
Nombre del editor, distribuidor, etc. México :
-- Benemérita y Centenaria Escuela Normal del Estado de San Luis Potosí :
-- Red de Investigadores Educativos de San Luis Potosí,
Fecha de publicación, distribución, etc. 2013.
300 ## - DESCRIPCIÓN FÍSICA
Extensión 68 p.
440 #0 - MENCIÓN DE SERIE/ASIENTO SECUNDARIO--TÍTULO
Título Investigadores y maestros
650 #4 - ASIENTO SECUNDARIO DE MATERIA - TERMINO TEMATICO
Término de materia o nombre geográfico como elemento de entrada Integración escolar
9 (RLIN) 306
650 #4 - ASIENTO SECUNDARIO DE MATERIA - TERMINO TEMATICO
Término de materia o nombre geográfico como elemento de entrada Maestros
Subdivisión general Formación profesional
9 (RLIN) 804
650 #4 - ASIENTO SECUNDARIO DE MATERIA - TERMINO TEMATICO
Término de materia o nombre geográfico como elemento de entrada Educación rural
9 (RLIN) 9764
905 ## - TIPO DE MATERIAL
Tipo de material Libro
Holdings
Estado de retiro Estado de pérdida Fuente del sistema de clasificación o colocación Estado dañado No para préstamo Código de colección Localización permanente Ubicación/localización actual Ubicación en estantería Total de préstamos Clasificación Código de barras Fecha visto por última vez Número de copia Tipo de ítem Koha Fecha de adquisición Fecha del último préstamo Renovaciones totales
    Library of Congress Classification     Colección General Bib. Gregorio Torres Quintero Bib. Gregorio Torres Quintero Planta baja 1 LC214 A9.3 318774 31/12/2020 1 Libro      
    Library of Congress Classification     Colección General Bib. Gregorio Torres Quintero Bib. Gregorio Torres Quintero Planta baja 8 LC214 A9.3 300347 07/02/2023 1 Libro 27/01/2023 27/01/2023  
    Library of Congress Classification     Colección General Bib. Gregorio Torres Quintero Bib. Gregorio Torres Quintero Planta baja 7 LC214 A9.3 318775 06/09/2022 1 Libro 25/03/2022 22/08/2022 2